Central Library OPAC University of Rajshahi

The Nature of human behaviour / (Record no. 1721)

MARC details
000 -LEADER
fixed length control field 00955cam a2200301 i 4500
001 - CONTROL NUMBER
control field 1721
003 - CONTROL NUMBER IDENTIFIER
rucl marc code BD-RjUL
005 - DATE AND TIME OF LATEST TRANSACTION
control field 20211208233409.0
008 - FIXED-LENGTH DATA ELEMENTS--GENERAL INFORMATION
fixed length control field 131208s1976 enkabf b 001 0 eng
020 ## - INTERNATIONAL STANDARD BOOK NUMBER
International Standard Book Number 0045730121
035 ## - SYSTEM CONTROL NUMBER
System control number (BD-RjUL)1748
040 ## - CATALOGING SOURCE
Original cataloging agency DLC
Transcribing agency DLC
Modifying agency DLC
-- BD-RjUL
Language of cataloging eng
041 1# - LANGUAGE CODE
Language code of text/sound track or separate title engger
082 00 - DEWEY DECIMAL CLASSIFICATION NUMBER
Classification number 155.7
Author mark and year NAT 1976
245 04 - TITLE STATEMENT
Title The Nature of human behaviour /
Statement of responsibility, etc. edited by Gunter Altner ; translated from the German by Charles [i.e. Carel] van Amerongen.
260 ## - PUBLICATION, DISTRIBUTION, ETC. (IMPRINT)
Place of publication, distribution, etc. London :
Name of publisher, distributor, etc. Allen and Unwin,
Date of publication, distribution, etc. c1976.
300 ## - PHYSICAL DESCRIPTION
Pagination viii, 467 p., [24] p. of plates :
Illustrations ill., maps ;
Size 23 cm.
500 ## - GENERAL NOTE
General note Translation of Kreatur Mensch.
504 ## - BIBLIOGRAPHY, ETC. NOTE
Bibliography, etc Bibliography: p. 433-450.
Bibliography, etc Includes index.
650 #0 - SUBJECT ADDED ENTRY--TOPICAL TERM
Topical term or geographic name as entry element Human evolution.
9 (RLIN) 5699
Topical term or geographic name as entry element Human behavior.
9 (RLIN) 3692
Topical term or geographic name as entry element Ethnopsychology.
9 (RLIN) 5430
700 1# - ADDED ENTRY--PERSONAL NAME
Personal name Altner, Günter.
942 ## - ADDED ENTRY ELEMENTS (KOHA)
Source of classification or shelving scheme Dewey Decimal Classification
Koha item type Books
Holdings
Lost status Source of classification or shelving scheme Damaged status Not for loan Collection code Permanent Location Current Location Shelving location Date acquired Source of acquisition Cost, normal purchase price Total Checkouts Full call number Date last seen Copy number Koha item type
  Dewey Decimal Classification   Not For Loan Non-fiction Central Library, University of Rajshahi Central Library, University of Rajshahi Reading Room 26/02/1979 India Int. Cal. 126.75   155.7 NAT 1976 08/12/2013 C-1 Books